<?xml version="1.0" encoding="UTF-8"?>
<record
    xmlns:xsi="http://www.w3.org/2001/XMLSchema-instance"
    xsi:schemaLocation="http://www.loc.gov/MARC21/slim http://www.loc.gov/standards/marcxml/schema/MARC21slim.xsd"
    xmlns="http://www.loc.gov/MARC21/slim">

  <leader>02759nam a2200385 i 4500</leader>
  <controlfield tag="001">768714001</controlfield>
  <controlfield tag="003">CO-MdFUSB</controlfield>
  <controlfield tag="005">20260505150203.0</controlfield>
  <controlfield tag="007">ta</controlfield>
  <controlfield tag="008">240925t2009    sp a|||| |||| 001 0 spa d</controlfield>
  <datafield tag="020" ind1=" " ind2=" ">
    <subfield code="a">978-84-9892-006-2</subfield>
  </datafield>
  <datafield tag="040" ind1=" " ind2=" ">
    <subfield code="b">spa.</subfield>
    <subfield code="a">CO-MdFUSB</subfield>
    <subfield code="c">CO-MdFUSB</subfield>
    <subfield code="d">CO-MdFUSBC</subfield>
    <subfield code="e">rda</subfield>
  </datafield>
  <datafield tag="041" ind1=" " ind2=" ">
    <subfield code="a">spa</subfield>
    <subfield code="h">ger</subfield>
  </datafield>
  <datafield tag="082" ind1=" " ind2=" ">
    <subfield code="2">23</subfield>
    <subfield code="a">576.5</subfield>
    <subfield code="b">N975</subfield>
  </datafield>
  <datafield tag="100" ind1=" " ind2=" ">
    <subfield code="a">N&#xFC;sslein-Volhard, Christiane,</subfield>
    <subfield code="e">autor</subfield>
  </datafield>
  <datafield tag="240" ind1=" " ind2=" ">
    <subfield code="a">Das werden des lebens : wie gene die entwicklung steuern. </subfield>
  </datafield>
  <datafield tag="245" ind1="0" ind2=" ">
    <subfield code="a">G&#xE9;nesis y desarrollo de la vida </subfield>
    <subfield code="c">/ Christiane N&#xFC;sslein-Volhard ; traducido por H&#xE9;ctor Piquer Minguij&#xF3;n</subfield>
  </datafield>
  <datafield tag="264" ind1=" " ind2="1">
    <subfield code="a">Barcelona, Espa&#xF1;a : </subfield>
    <subfield code="b">Cr&#xED;tica, </subfield>
    <subfield code="c">[2009]</subfield>
  </datafield>
  <datafield tag="264" ind1=" " ind2="4">
    <subfield code="c">&#xA9;2009 </subfield>
  </datafield>
  <datafield tag="300" ind1=" " ind2=" ">
    <subfield code="a">237 p&#xE1;ginas</subfield>
    <subfield code="b">: ilustraciones</subfield>
    <subfield code="c">; 24 cm</subfield>
  </datafield>
  <datafield tag="336" ind1=" " ind2=" ">
    <subfield code="2">rdacontent</subfield>
    <subfield code="a">texto</subfield>
    <subfield code="b">txt</subfield>
  </datafield>
  <datafield tag="337" ind1=" " ind2=" ">
    <subfield code="2">rdamedia</subfield>
    <subfield code="a">sin mediaci&#xF3;n</subfield>
    <subfield code="b">n</subfield>
  </datafield>
  <datafield tag="338" ind1=" " ind2=" ">
    <subfield code="2">rdacarrier</subfield>
    <subfield code="a">volumen</subfield>
    <subfield code="b">nc</subfield>
  </datafield>
  <datafield tag="500" ind1=" " ind2=" ">
    <subfield code="a">Incluye &#xED;ndice general e &#xED;ndice anal&#xED;tico.</subfield>
  </datafield>
  <datafield tag="505" ind1=" " ind2=" ">
    <subfield code="g">Origen y herencia -- El sistema natural: Carl von Linn&#xE9; -- La teor&#xED;a de la evoluci&#xF3;n de Charles Darwin -- Las leyes de la herencia de Gregor Mendel. -- C&#xE9;lulas y cromosomas -- C&#xE9;lulas y divisi&#xF3;n celular -- La fecundaci&#xF3;n -- Cromosomas y genes -- L&#xED;nea germinal y clones -- La influencia del citoplasma y el entorno. -- Genes y prote&#xED;nas -- La gen&#xE9;tica de la Drosophila -- Mutaciones -- La constituci&#xF3;n molecular de los genes -- La s&#xED;ntesis de prote&#xED;nas y el c&#xF3;digo gen&#xE9;tico -- La replicaci&#xF3;n del ADN -- La ingenier&#xED;a gen&#xE9;tica -- Genes de organismos pluricelulares. -- Desarrollo y gen&#xE9;tica -- Organismos modelo -- El desarrollo de la Drosophila -- En busca de los genes del desarrollo -- La l&#xF3;gica de los genes. -- Prepatrones moleculares -- Gradientes -- Combinaciones -- Inducci&#xF3;n y transducci&#xF3;n de se&#xF1;ales. -- Formas y cambios de forma -- C&#xE9;lulas y tejidos -- Movimientos que generan formas -- Divisi&#xF3;n celular, crecimiento y muerte. -- Vertebrados -- Ranas, peces y aves -- Mam&#xED;feros: el rat&#xF3;n -- Gradientes, prepatrones e inducci&#xF3;n en animales vertebrados. -- El ser humano -- El desarrollo de las c&#xE9;lulas germinales -- El desarrollo en el huevo -- El desarrollo en el &#xFA;tero -- Genes y enfermedades.  -- Evoluci&#xF3;n, organizaci&#xF3;n corporal y genomas -- El origen de los animales -- La &#xAB;explosi&#xF3;n c&#xE1;mbrica&#xBB; -- Principios organizadores nuevos -- Genomas -- La evoluci&#xF3;n del ser humano. -- Temas actuales -- Utop&#xED;as -- Clonaci&#xF3;n -- Embriones humanos in vitro.

</subfield>
  </datafield>
  <datafield tag="563" ind1=" " ind2=" ">
    <subfield code="a">Pasta dura</subfield>
  </datafield>
  <datafield tag="650" ind1=" " ind2="0">
    <subfield code="a">Biolog&#xED;a</subfield>
    <subfield code="9">15</subfield>
  </datafield>
  <datafield tag="653" ind1=" " ind2=" ">
    <subfield code="a">Biolog&#xED;a molecular</subfield>
  </datafield>
  <datafield tag="653" ind1=" " ind2=" ">
    <subfield code="a">Biolog&#xED;a del desarrollo </subfield>
  </datafield>
  <datafield tag="653" ind1=" " ind2=" ">
    <subfield code="a">Evoluci&#xF3;n</subfield>
  </datafield>
  <datafield tag="653" ind1=" " ind2=" ">
    <subfield code="a">Gen&#xE9;tica</subfield>
  </datafield>
  <datafield tag="700" ind1=" " ind2=" ">
    <subfield code="a">Piquer Minguij&#xF3;n, H&#xE9;ctor,</subfield>
    <subfield code="9">10766</subfield>
    <subfield code="e">traductor</subfield>
  </datafield>
  <datafield tag="942" ind1=" " ind2=" ">
    <subfield code="c">BK</subfield>
  </datafield>
  <datafield tag="945" ind1=" " ind2=" ">
    <subfield code="a">Catherine Arias Alvarez</subfield>
  </datafield>
  <datafield tag="952" ind1=" " ind2=" ">
    <subfield code="0">0</subfield>
    <subfield code="1">0</subfield>
    <subfield code="2">ddc</subfield>
    <subfield code="3">0</subfield>
    <subfield code="4">0</subfield>
    <subfield code="7">0</subfield>
    <subfield code="8">GEN</subfield>
    <subfield code="a">FUSBC</subfield>
    <subfield code="b">FUSBC</subfield>
    <subfield code="d">2024-09-25</subfield>
    <subfield code="l">0</subfield>
    <subfield code="o">G 576.5 N975g</subfield>
    <subfield code="p">25054</subfield>
    <subfield code="r">2024-09-25 00:00:00</subfield>
    <subfield code="t">Ej. 1</subfield>
    <subfield code="w">2024-09-25</subfield>
    <subfield code="y">BK</subfield>
    <subfield code="B">0</subfield>
  </datafield>
  <datafield tag="999" ind1=" " ind2=" ">
    <subfield code="c">70978</subfield>
    <subfield code="d">70978</subfield>
  </datafield>
</record>
